Statistics for 5 Largest Cities in Syria

Click here to take the quiz!

General Stats

  • This quiz has been taken 23 times
  • The average score is 3 of 5

Answer Stats

Answer % Correct
Damascus
100%
Aleppo
90%
Homs
40%
Latakia
30%
Hama
20%

Score Distribution

Percentile by Number Answered

Percent of People with Each Score

Your Score History

You have not taken this quiz